<?xml version="1.0" encoding="UTF-8"?>
<record
    xmlns:xsi="http://www.w3.org/2001/XMLSchema-instance"
    xsi:schemaLocation="http://www.loc.gov/MARC21/slim http://www.loc.gov/standards/marcxml/schema/MARC21slim.xsd"
    xmlns="http://www.loc.gov/MARC21/slim">

  <leader>00423nam a22001337a 4500</leader>
  <controlfield tag="005">20160225151013.0</controlfield>
  <controlfield tag="008">160225b        xxu||||| |||| 00| 0 eng d</controlfield>
  <datafield tag="040" ind1=" " ind2=" ">
    <subfield code="c">PK-LaUMT</subfield>
  </datafield>
  <datafield tag="082" ind1=" " ind2=" ">
    <subfield code="a">AMC 968.004</subfield>
    <subfield code="b">NAS-</subfield>
  </datafield>
  <datafield tag="245" ind1=" " ind2=" ">
    <subfield code="a">&#x646;&#x633;&#x644;&#x6CC; &#x627;&#x645;&#x62A;&#x6CC;&#x627;&#x632;</subfield>
    <subfield code="b">&#x62D;&#x6A9;&#x648;&#x645;&#x62A;&#x6CC;&#x6BA; &#x627;&#x648;&#x631; &#x62A;&#x627;&#x631;&#x6CC;&#x62E;&#x6CC; &#x62C;&#x639;&#x644;&#x633;&#x627;&#x632;&#x6CC;</subfield>
    <subfield code="c">&#x645;&#x62D;&#x645;&#x62F; &#x633;&#x639;&#x62F; &#x634;&#x6CC;&#x62E;(&#x645;&#x62A;&#x631;&#x62C;&#x645;</subfield>
  </datafield>
  <datafield tag="260" ind1=" " ind2=" ">
    <subfield code="a">&#x644;&#x627;&#x6C1;&#x648;&#x631;</subfield>
    <subfield code="b">&#x627;&#x633;&#x644;&#x627;&#x645;&#x6A9; &#x628;&#x6A9; &#x633;&#x646;&#x679;&#x631;</subfield>
    <subfield code="c">1989</subfield>
  </datafield>
  <datafield tag="300" ind1=" " ind2=" ">
    <subfield code="a">162 &#x635;</subfield>
  </datafield>
  <datafield tag="942" ind1=" " ind2=" ">
    <subfield code="c">BK</subfield>
  </datafield>
  <datafield tag="999" ind1=" " ind2=" ">
    <subfield code="c">83183</subfield>
    <subfield code="d">83183</subfield>
  </datafield>
  <datafield tag="952" ind1=" " ind2=" ">
    <subfield code="0">0</subfield>
    <subfield code="1">0</subfield>
    <subfield code="4">0</subfield>
    <subfield code="7">0</subfield>
    <subfield code="a">01</subfield>
    <subfield code="b">01</subfield>
    <subfield code="d">2016-02-25</subfield>
    <subfield code="l">1</subfield>
    <subfield code="o">AMC 968.004 NAS-</subfield>
    <subfield code="p">85343</subfield>
    <subfield code="r">2021-07-19 00:00:00</subfield>
    <subfield code="s">2021-07-14</subfield>
    <subfield code="w">2016-02-25</subfield>
    <subfield code="y">BK</subfield>
  </datafield>
</record>
